000 00876nam a22002415i 4500
001 154850
003 ES-MaACL
005 20230906205858.0
008 001102s1861 fr |||| | fre d
080 _a327(456.31:44)"18"
080 _a272-732.2:321
080 _a94(450)"1849/70"
080 _a327(44:456.31)"18"
100 1 _aLa Guéronnière, Arthur de (
_d1816-1875)
_9176174
245 1 3 _aLa France, Rome et l'Italie /
_cpar A. de la Gueronniére.
260 _aParis :
_bE. Dentu,
_c1861.
300 _aVII, 61 p. ;
_c23 cm.
610 2 4 _aIglesia Católica-
_xRelaciones-
_zFrancia.
_9172914
650 4 _aPapas-
_xPoder temporal.
_9153316
651 4 _aItalia-
_xHistoria-
_y1849-1870.
_98869
651 4 _aFrancia-
_xRelaciones-
_xIglesia Católica.
_9172913
852 4 _aES-MaACL
_jT-77-F-4
_z- Enc. hol., falto de cub. original
_z- Enc. en un vol. facticio
999 _c154850
_d154850